| 000 | 00964nam a22002537a 4500 | ||
|---|---|---|---|
| 005 | 20240530110341.0 | ||
| 008 | 141112s2011 ua gr 000 0 ara d | ||
| 017 | _a17376/2010 | ||
| 040 | _aEG-CaGPL | ||
| 082 | 0 | 4 |
_221 _a343.082\ _bش ت |
| 100 | 0 | _aشريف محمد غنام | |
| 245 | 1 | 2 |
_aالتنظيم القانونى للاعلانات التجارية عبر شبكة الانترنت / _cشريف محمد غنام |
| 250 | _aط 1 | ||
| 260 |
_aالاسكندرية : _bدار الجامعة الجديدة ، _c2011 |
||
| 300 |
_a223 ص ؛ _c24 سم |
||
| 650 | 0 | 4 | _aالاعلانات التجارية |
| 650 | 0 | 4 | _aالمنتديات الالكترونية |
| 650 | 0 | 4 | _aالاعلان بالانترنت |
| 650 | 0 | 4 | _aالاعلان بالبريد الالكترونى |
| 650 | 0 | 4 |
_aالاعلان بالانترنت _xقوانين وتشريعات |
| 650 | 0 | 4 | _aspam |
| 942 |
_2ddc _cBK |
||
| 999 |
_c59884 _d59884 |
||